Списки сотрудников финансового отдела автобазы Управления делами СНК

Доступно только в Электронных читальных залах Найти на картеНа карте
RUSMARC
00003922nac2a22002891x 450
0018549016a-b6ca-42b6-a0f9-d8a9de2c5f4e
00520160709111415.0
100##$a20160524l19211921k y0rusy50 ca
1010#$arus
102##$aRU
105##$ay z |||||
1222#$ad19210331
$ad19211031
2001#$aСписки сотрудников финансового отдела автобазы Управления делами СНК
$jМарт-октябрь 1921
215##$a50 листов
251##$cДело
300##$aЗаголовок дела на папке: Списки сотрудников финансового отдела автобазы и Управления делами СНК
300##$aРукописный и машинописный текст
330##$aВходит в раздел описи: III. Финансовый отдел
461#0$1001ad6baeac-e292-4829-90d1-2f4f65796a62
$12001
$aСОВЕТ НАРОДНЫХ КОМИССАРОВ РСФСР (СНК РСФСР)
$1251
$cФонд
$1852
$j130
$gР
462#0$1001749580a7-5abb-40c4-a39c-e540631a040a
$12001
$a1921 г.
$vД. 671
$1251
$cОпись
$1852
$j5
5171#$aСписки сотрудников финансового отдела автобазы и Управления делами СНК
60101$3RU\NLR\AUTH\661074810
$aРСФСР
$bСовет Народных Комиссаров
60102$aСНК РСФСР. Управление делами
60102$aАвтобаза СНК. Финансовый отдел
801#0$aRU
$bGA_RF
801#1$aRU
$bНПО Опыт
$c20160524
$2rusmarc
801#2$aRU
$bПБ им. Б.Н. Ельцина
$c20160709
$gRCR
$2rusmarc
852##$aГА РФ
$j671
937##$d79111426
$hПБ
035##$aRuPRLIB51039130
Формат отображения